| 000 | 00867nam a2200229 i 4500 | ||
|---|---|---|---|
| 001 | 49110 | ||
| 003 | ES-MaACL | ||
| 005 | 20250714164828.0 | ||
| 007 | t| | ||
| 008 | 030708s1903 sp |||| | spa d | ||
| 100 | 1 |
_aCorreas, Gonzalo. _940766 |
|
| 245 | 1 | 0 |
_aArte grande de la lengua castellana / _ccompuesto en 1626 por Gonzalo Correas ; publicado por primera vez, el conde de la Viñara. |
| 260 |
_aMadrid : _b[s.n.], _c1903 ( _fTip. Matritense de Ricardo Fé) |
||
| 300 |
_aXXVI, 328 p. ; _c19 cm. |
||
| 530 | _aDisponible en formato digital. | ||
| 650 | 4 |
_aLengua española- _xGramática. _914161 |
|
| 700 | 1 |
_aViñara, Conde de. _9115366 |
|
| 852 |
_aES-MaACL _jD-5182 _cSVI _zRevisado enlace: 14 de julio de 2025 |
||
| 856 | 4 |
_uhttp://bdh-rd.bne.es/viewer.vm?id=0000050587&page=1 _yBiblioteca Digital Hispánica |
|
| 942 | _2udc | ||
| 999 |
_c49110 _d49110 |
||